000 00546nam a2200229Ia 4500
003 OSt
005 20221005133238.0
006 a|||||r|||| 00| 0
007 ta
008 221004b |||||||| |||| 00| 0 eng d
024 _a70987
037 _cTextual
040 _aCRL
_cCRL
_beng
041 _2eng
_aeng
082 _aY1:45, H1
100 _aMannehim Hermann
_9642311
245 0 _aWar and crime
260 _c1941
650 _aSOCIOLOGY
942 _hY1:45, H1
_cTEXL
_2cc
999 _c1066244
_d1066244